|
|
|
|
| LEADER |
01163nam a2200301 a 4500 |
| 001 |
27025 |
| 008 |
130709s2010 bg wr l f0 a0mul d |
| 040 |
|
|
|a BD-DhAAL
|c BD-DhAAL
|
| 041 |
|
|
|a Eng
|a Ben
|
| 082 |
0 |
4 |
|a 340.095492
|2 22
|
| 110 |
1 |
|
|a Bangladesh.
|
| 245 |
1 |
|
|a Bangladesh Gazette - 2010, Act-1-64,Ordinance-1 to 3,
|n Volume-XL
|
| 246 |
0 |
3 |
|a বাংলাদেশ গেজেট
|
| 246 |
0 |
4 |
|a Bangladesh Gazette, 39
|
| 260 |
|
|
|a Dhaka,
|c 2010
|
| 300 |
|
|
|a v. :
|b ill. ;
|c 24 cm.
|
| 541 |
1 |
|
|e 27024
|
| 650 |
|
0 |
|a Gazettes
|z Bangladesh.
|
| 650 |
|
0 |
|a Law
|z Bangladesh.
|
| 650 |
|
7 |
|a LAW
|2 unbist
|
| 650 |
|
7 |
|a GAZETTES
|2 unbist
|
| 650 |
|
7 |
|a BANGLADESH
|2 unbist
|
| 651 |
|
0 |
|a Bangladesh
|x Politics and government.
|
| 655 |
|
7 |
|a Official gazettes.
|2 lcgft
|
| 852 |
1 |
|
|a Ayesha Abed Library
|j General shelf
|
| 999 |
|
|
|c 13651
|d 13651
|
| 952 |
|
|
|0 0
|1 0
|2 ddc
|4 0
|6 340_095492000000000_BAN
|7 0
|9 22871
|a BRACUL
|b BRACUL
|c REF
|d 2012-05-20
|g 780.00
|l 0
|o 340.095492 BAN
|p 3010027024
|r 2013-07-09
|t 1
|w 2012-05-20
|y 1HOUR
|
| 952 |
|
|
|0 0
|1 0
|2 ddc
|4 0
|6 340_095492000000000_BAN
|7 0
|9 22872
|a BRACUL
|b BRACUL
|c REF
|d 2012-05-20
|g 780.00
|l 0
|o 340.095492 BAN
|p 3010027025
|r 2013-07-09
|t 2
|w 2012-05-20
|y 1HOUR
|